En busca del tesoro

Guardat en:
Dades bibliogràfiques
Autor corporatiu: MINEDUC, CONACE
Format: Llibre
Idioma:espanyol
Publicat: Santiago, Chile CONACE 2002
Santiago MINEDUC 2002
Col·lecció:Manual de Prevención Temprana del Consumo de Drogas para Niños y Niñas de 3 a 6 años
Matèries:
Etiquetes: Afegir etiqueta
Sense etiquetes, Sigues el primer a etiquetar aquest registre!

MARC

LEADER 00000nam a2200000 a 4500
001 UCM2770
003 CL-VaPUC
005 20210105141303.0
008 020613e20020000cl |||||||||||||||||spa|d
999 |c 300491  |d 300489 
040 |c Pontificia Universidad Católica de Valparaíso 
082 0 4 |a 362.29 MIN 2002  |2 21 
110 2 |a MINEDUC  |9 469569 
245 1 0 |a En busca del tesoro 
260 0 3 |a Santiago, Chile  |b CONACE  |c 2002 
260 |a Santiago  |b MINEDUC  |c 2002 
300 |a 124 páginas 
490 0 |a Manual de Prevención Temprana del Consumo de Drogas para Niños y Niñas de 3 a 6 años 
500 |a Complementario con: 1 tablero de juego, 3 sets de tarjetas cada uno (rojo, azul y amarillo). 1 dado, 6 fichas de colores, 1 por cada jugador. Texto: En la huerta con mis amigos: guía para el educador. Texto: en la huerta con mis amigos. Texto: El ABC de la prevención temprana del consumo de drogas 
583 |a last modification  |c 20171005 03:31:58  |k Rodrigo Vera 
650 0 |a Abuso de drogas  |9 254876 
650 7 |a PREVENCION DE DROGAS  |2 CL-VaPUC  |9 419242 
650 0 |a Métodos de enseñanza  |9 270413 
650 7 |a MATERIAL DIDACTICO  |2 CL-VaPUC  |9 469571 
710 2 |a CONACE  |9 469570 
942 |c BK  |2 ddc 
945 |d 20020613 00:00:00  |a cmena 
952 |0 0  |1 0  |2 ddc  |4 0  |6 362_290000000000000_MIN_2002  |7 0  |8 A  |9 358336  |a BIBEDU  |b BIBEDU  |c ES_NOD  |d 2019-11-21  |i 3820084  |o 362.29 MIN 2002  |p 3820084  |r 2023-08-09  |t 1  |w 2019-11-21  |y BK  |k BME 
952 |0 0  |1 0  |2 ddc  |4 0  |6 362_290000000000000_MIN_2002  |7 0  |8 A  |9 358337  |a BIBEDU  |b BIBEDU  |c ES_NOD  |d 2019-11-21  |i 3853144  |o 362.29 MIN 2002  |p 3853144  |r 2023-08-09  |t 2  |w 2019-11-21  |y BK  |k EPE